=LDR 00000nam 2200000 4500 =001 INLIS000000000059433 =005 20211112020827 =035 ##$$a 0010-1121000170 =007 ta =008 211112###########################0#ind## =020 ##$$a 979-526-196-7 =082 ##$$a 352 =084 ##$$a 352 Mis f =245 1#$$a Fungsi Pemerintah Daerah Dalam Pembuatan Perda /$c Misdyanti, Dra., RG. Kartasapoetra, SH =250 ##$$a cet 2 =300 ##$$a 142 halaman : $b ilustrasi ; $c 20 cm =650 #4$$a Pemerintah Daerah =264 ##$$a Jakarta :$b Bumi Aksara,$c 1993 =336 ##$$a teks$2 rdacontent =337 ##$$a lain-lain$2 rdamedia =338 ##$$a lain-lain$2 rdacarrier =990 ##$$a 28752875 =990 ##$$a 28752875